Normal view
MARC view
- Sydsaeter, Knut, Strom, Arne, Berck, Peter
Entry Personal Name
001 - CONTROL NUMBER
- control field: 64686
003 - CONTROL NUMBER IDENTIFIER
- control field: NUST
005 - DATE AND TIME OF LATEST TRANSACTION
- control field: 20210628203322.0
008 - FIXED-LENGTH DATA ELEMENTS
- fixed length control field: 210628|| aca||aabn | a|a d
040 ## - CATALOGING SOURCE
- Original cataloging agency: NUST
- Transcribing agency: NUST
100 ## - HEADING--PERSONAL NAME
- Personal name: Sydsaeter, Knut, Strom, Arne, Berck, Peter
670 ## - SOURCE DATA FOUND
- Source citation: Work cat.: (NUST): Sydsaeter, Knut, Strom, Arne, Berck, Peter, Economists mathematical manual, 1999
